Strategic hrm : (Record no. 347198)
[ view plain ]
| 000 -LEADER | |
|---|---|
| fixed length control field | 01208 a2200205 4500 |
| 020 ## - INTERNATIONAL STANDARD BOOK NUMBER | |
| International Standard Book Number | 0852929234 (paperback) |
| 020 ## - INTERNATIONAL STANDARD BOOK NUMBER | |
| International Standard Book Number | 9780852929230 (paperback) |
| 082 04 - DEWEY DECIMAL CLASSIFICATION NUMBER | |
| Classification number | 658 |
| 090 ## - LOCALLY ASSIGNED LC-TYPE CALL NUMBER (OCLC); LOCAL CALL NUMBER (RLIN) | |
| -- | 4767 |
| -- | 4767 |
| 100 1# - MAIN ENTRY--PERSONAL NAME | |
| Personal name | Armstrong, Michael. |
| 245 10 - TITLE STATEMENT | |
| Title | Strategic hrm : |
| Remainder of title | the key to improved business performance / |
| Statement of responsibility, etc. | Michael Armstrong, Angela Baron. |
| 260 ## - PUBLICATION, DISTRIBUTION, ETC. | |
| Place of publication, distribution, etc. | [S.l.] : |
| Name of publisher, distributor, etc. | Chartered Institute of Personnel & Development, |
| Date of publication, distribution, etc. | 2002. |
| 300 ## - PHYSICAL DESCRIPTION | |
| Extent | 280 p. ; |
| Dimensions | 25 cm. |
| 490 1# - SERIES STATEMENT | |
| Series statement | Developing practice. |
| 520 ## - SUMMARY, ETC. | |
| Summary, etc. | How can strategic HRM make a significant impact to bottom-line performance? Armstrong and Baron de-mystify the concept and practice of 'strategic HRM' and place it in the context of wider organisational strategy and business goals. This book: explores the framework within which strategic HRM takes place; examines the evidence for the impact of strategic HRM on business performance; looks at how individual HR strategies add up to strategic HRM; and addresses the practical issues involved in implementation. |
| 700 1# - ADDED ENTRY--PERSONAL NAME | |
| Personal name | Baron, Angela. |
| 830 #0 - SERIES ADDED ENTRY--UNIFORM TITLE | |
| Uniform title | Developing practice. |
| 856 40 - ELECTRONIC LOCATION AND ACCESS | |
| Materials specified | Amazon.com |
| Uniform Resource Identifier | <a href="http://www.amazon.com/exec/obidos/ASIN/0852929234/chopaconline-20">http://www.amazon.com/exec/obidos/ASIN/0852929234/chopaconline-20</a> |
| 942 ## - ADDED ENTRY ELEMENTS (KOHA) | |
| Institution code [OBSOLETE] | NBS |
| Koha item type | Book |
| Call number prefix | 658.301 ARM |
| Withdrawn status | Lost status | Source of classification or shelving scheme | Damaged status | Not for loan | Permanent Location | Current Location | Date acquired | Full call number | Barcode | Date last seen | Price effective from | Koha item type | Public note |
|---|---|---|---|---|---|---|---|---|---|---|---|---|---|
| Write Off | Central Library (CL) | Central Library (CL) | 08/28/2013 | 658.301 ARM | NBS7363 | 08/28/2013 | 08/28/2013 | Book | Write off File No.0908/IRC/NBS Dated Aug 16, 2018 |
